00485nam a2200145 i 450000100060000000300090000600500170001500700030003200800410003510000400007624501280011626000350024430000390027985200210031839807ES-MaACL20230912063107.0t|030304s1914 sp ||||1| spa d1 aCanido y Pardo, Senén,d1858-192910aMemoria elevada al gobierno de S. M. en la solemne apertura de los tribunales el día 15 septiembre 1914 / cSenen Canido. aMadrid : bLa Editora, c1914. aLXII, 54 p., 10 gráf. ; c23 cm. aES-MaACLjF-9924